BIBLIOTECA

SENCICO

Técnicas y aplicaciones de la iluminación (Registro nro. 2599)

Detalles MARC
000 -LEADER
fixed length control field 00773nam a2200217Ia 4500
005 - DATE AND TIME OF LATEST TRANSACTION
control field 20251020182547.0
008 - FIXED-LENGTH DATA ELEMENTS--GENERAL INFORMATION
fixed length control field 200515s9999 xx 000 0 und d
082 ## - DEWEY DECIMAL CLASSIFICATION NUMBER
Classification number 749/F38
100 ## - MAIN ENTRY--PERSONAL NAME
Personal name FERNANDEZ SALAZAR, Luis DE LANDA AMEZUA, Jaime
245 #0 - TITLE STATEMENT
Title Técnicas y aplicaciones de la iluminación
260 ## - PUBLICATION, DISTRIBUTION, ETC.
Place of publication, distribution, etc. Madrid
260 ## - PUBLICATION, DISTRIBUTION, ETC.
Date of publication, distribution, etc. 1993
300 ## - PHYSICAL DESCRIPTION
Extent 233
520 ## - SUMMARY, ETC.
Summary, etc. Analiza en forma detallada y a la vez práctica, los aspectos más significativos que intervienen en la iluminación. A partir de los conceptos básicos de luminotecnia y fundamentalmente, de las características tecnológicas de los equipos (lámparas, luminari
650 ## - SUBJECT ADDED ENTRY--TOPICAL TERM
Topical term or geographic name entry element ALUMBRADO
650 ## - SUBJECT ADDED ENTRY--TOPICAL TERM
Topical term or geographic name entry element ILUMINACION
650 ## - SUBJECT ADDED ENTRY--TOPICAL TERM
Topical term or geographic name entry element LAMPARAS
650 ## - SUBJECT ADDED ENTRY--TOPICAL TERM
Topical term or geographic name entry element LIB
650 ## - SUBJECT ADDED ENTRY--TOPICAL TERM
Topical term or geographic name entry element LUMINOTECNIA
942 ## - ADDED ENTRY ELEMENTS (KOHA)
Koha item type Libros
Existencias
Fecha de la última vez que lo usaron Pago total Signatura topográfica completa Código de barras Precio efectivo desde Tipo de documento Estado perdido Estado dañado No es para préstamo Retirado Ubicación permanente Ubicación actual Fecha de adquisición
15/05/2020   749/F38 Bib-Lima15052599 15/05/2020 Libros         Biblioteca Central Lima Biblioteca Central Lima 15/05/2020